000 00306nam a22001337a 4500
008 170524b xxu||||| |||| 00| 0 eng d
020 _a0835955842
041 _aeng
080 _a62
100 _a26
101 _aIM
245 _aPOWER CONTROL WITH SOLID STATE DEVICES
_cGOTTLIEB, I.M
942 _2udc
_cBK
999 _c14040
_d14040